Sports Quiz

Random Sports Quiz
Score 0/24 Timer 06:00
0 Plays Today
Ranking Country % Correct
1.Australia
98.8%
2.India
94%
10.Scotland
92.9%
3.England
91.7%
11.New Zealand
90.5%
13.Northern Ireland
90.5%
15.Wales
90.5%
4.Canada
85.7%
5.South Africa
85.7%
17.Pakistan
81%
6.Kenya
73.8%
16.Jamaica
71.4%
Ranking Country % Correct
9.Nigeria
59.5%
19.Bahamas
54.8%
8.Singapore
52.4%
7.Malaysia
51.2%
20.Sri Lanka
48.8%
12.Cyprus
41.7%
18.Uganda
41.7%
14.Samoa
39.3%
22.Botswana
35.7%
21.Nauru
23.8%
23.Cayman Islands
17.9%
23.St Vincent and the Grenadines
16.7%
Remove Ads.
Support Sporcle.
Get the best of Sporcle when you Go Orange. This ad-free experience offers more features, more stats, and more fun while also helping to support Sporcle. Thank you for becoming a member.

You're not logged in!

Compare scores with friends on all Sporcle quizzes.
OR
Log In

Show Comments

Extras

Top Quizzes Today


Score Distribution

Your Account Isn't Verified!

In order to create a playlist on Sporcle, you need to verify the email address you used during registration. Go to your Sporcle Settings to finish the process.

Report this User

Report this user for behavior that violates our Community Guidelines.

Details: